Tilastot visalle Oman-visa

Klikkaa tästä pelataksesi tätä visaa!

Yleistilastot

  • Tätä visaa on pelattu 170 kertaa
    (169 viimeisimmän päivityksen jälkeen)
  • Keskiarvotulos 13 / 24

Vastaustilastot

VihjeVastaus% Oikein
NaapurimaatJemen
99%
NaapurimaatSaudi-Arabia
98%
NaapurimaatYhdistyneet arabiemiirikunnat
94%
Tärkein vientituoteÖljy
92%
PääkaupunkiMasqat
84%
Omanissa asuu lähes puoli miljoonaa tämän valtion kansalaistaIntia
82%
Meret ja lahdet, joiden rannalla Oman sijaitsee{Persian}lahti
82%
Valtio, joka hallitsi Omania vuoteen 1951 astiYhdistynyt kuningaskunta
81%
Omanin monarkin arvonimiSulttaani
73%
Meret ja lahdet, joiden rannalla Oman sijaitsee{Arabian}meri
69%
ValuuttaRial
62%
Afrikassa sijaitseva saari, jossa Omanin pääkaupunki sijaitsi aikoinaanSansibar
49%
KansallislintuJalohaukka
48%
Meret ja lahdet, joiden rannalla Oman sijaitsee{Omanin}lahti
48%
Salmi Iranin ja Omanin välissäHormuzinsalmi
41%
Kolmanneksi suurin kaupunkiSalala
33%
Valtionuskonto, islamin suuntausIbadilaisuus
31%
Omanin monarkki 1970-2020Qaboos
28%
Vuoristo maan pohjoisosassaHajarvuoristo
27%
Toiseksi suurin kaupunkiSeeb
25%
Omanin suurin eksklaaviMusandam
24%
Perinteinen omanilainen tikari, joka esiintyy maan lipussaKhanjar
23%
Merkittävä saari, jolla olevaa tärkeää sotilastukikohtaa
yllä oleva ja Yhdysvallat hallinnoivat 1970-luvulle asti
Masira
23%
Oman tuotttaa 17 % tästä tuoksuaineesta{Olibaani}hartsi
22%

Tulosjakauma

Persentiili vastausten määrän mukaan

Jokaisen tuloksen saaneiden osuus

Tuloshistoriasi

Et ole pelannut tätä visaa sen viimeisimmän päivityksen jälkeen